| 000 | 01049ntm a2200253 a 4500 | ||
|---|---|---|---|
| 001 | 75705 | ||
| 003 | BD-RjUL | ||
| 005 | 20211209082729.0 | ||
| 008 | 190523s2016 bg a|||| bm|| 00| 0 eng d | ||
| 035 | _a(BD-RjUL)75924 | ||
| 040 |
_aBD-RjUL _beng _cBD-RjUL _dBD-RjUL |
||
| 041 | _aeng | ||
| 082 |
_223 _a333.950954924 _bKOA 2016 |
||
| 100 | 1 |
_aKostori, Mosammat Fahmida Akhter _9231865 |
|
| 245 | 1 | 0 |
_aAvailability and rational utilization of Fisheries resources of the chalan Beel / _cby Mosammat Fahmida Akhter Kostori ; _6Supervisor: M. Nazrul Islam ; Co-Supervisor: Selina Parween |
| 260 |
_aRajshahi : _bInstitute of Environmental Science, R. U. , _c2016 |
||
| 300 |
_axxviii, 252 leaves : _bIll. ; _c29 cm. |
||
| 502 | _aThesis (Ph. D.) -- Institute of Environmental Science, R. U. , 2016 | ||
| 504 | _aReferences: Leaves 207-221 | ||
| 650 |
_aFishery resources _xEconomic aspects _zBangladesh _zChalan Beel _9231866 |
||
| 700 |
_aIslam, M. Nazrul, Supervisor _9231867 |
||
| 700 |
_aParween, Selina, Co-Supervisor _934362 |
||
| 942 |
_2ddc _cTHE |
||
| 999 |
_c75705 _d75705 |
||